000 nam a22 7a 4500
999 _c48789
_d48789
003 OSt
005 20190904105146.0
008 190904b xxu||||| |||| 00| 0 eng d
040 _cIIMT GR.NOIDA
100 _aBALAGURUSWAMY
245 _aOBJECT-ORIENTED PROGRAMMING WITH C
260 _aN.DELHI
_bMGH
_c2018
300 _a558
942 _2ddc
_c01